Making history / (Record no. 9923)

MARC details
000 -LEADER
fixed length control field 01321cam a2200289 a 4500
001 - CONTROL NUMBER
control field 9923
003 - CONTROL NUMBER IDENTIFIER
control field FISKH
005 - DATE AND TIME OF LATEST TRANSACTION
control field 20260317093020.0
008 - FIXED-LENGTH DATA ELEMENTS--GENERAL INFORMATION
fixed length control field 970605s1996 enk 000 1 eng
010 ## - LIBRARY OF CONGRESS CONTROL NUMBER
LC control number 97158353
020 ## - INTERNATIONAL STANDARD BOOK NUMBER
International Standard Book Number 0091791413
020 ## - INTERNATIONAL STANDARD BOOK NUMBER
International Standard Book Number 9780099464815
020 ## - INTERNATIONAL STANDARD BOOK NUMBER
International Standard Book Number 9780091791414
020 ## - INTERNATIONAL STANDARD BOOK NUMBER
International Standard Book Number 9780099464815
040 ## - CATALOGING SOURCE
Original cataloging agency DLC
Transcribing agency DLC
Modifying agency DLC
Language of cataloging eng
050 00 - LIBRARY OF CONGRESS CALL NUMBER
Classification number PR6056.R88
Item number M34 1996
082 00 - DEWEY DECIMAL CLASSIFICATION NUMBER
Classification number 823/.914
Edition number 21
100 1# - MAIN ENTRY--PERSONAL NAME
Personal name Fry, Stephen,
Dates associated with a name 1957-
245 10 - TITLE STATEMENT
Title Making history /
Statement of responsibility, etc. Stephen Fry.
250 ## - EDITION STATEMENT
Edition statement This edition published in 1996
260 ## - PUBLICATION, DISTRIBUTION, ETC.
Place of publication, distribution, etc. London :
Name of publisher, distributor, etc. Hutchinson,
Date of publication, distribution, etc. 1988
300 ## - PHYSICAL DESCRIPTION
Extent 556 pages :
Other physical details 18 cm
520 ## - SUMMARY, ETC.
Summary, etc. Stephen Fry tackles alternate history, asking: What if Hitler had never been born? Michael Young is a graduate student at Cambridge who is completing his dissertation on the early life of Adolf Hitler. Leo Zuckerman is an aging German physicist and Holocaust survivor. Together they idealistically embark on an experiment to change the course of history. And with their success is launched a brave new world that is in some ways better than ours�but in most ways even worse. Fry’s sci-fi-tinged experiment in history makes for an ambitious and deeply affecting novel.
906 ## - LOCAL DATA ELEMENT F, LDF (RLIN)
a 7
b cbc
c orignew
d 3
e ncip
f 19
g y-gencatlg
942 ## - ADDED ENTRY ELEMENTS (KOHA)
Source of classification or shelving scheme Dewey Decimal Classification
Koha item type Books
Suppress in OPAC No
Holdings
Withdrawn status Lost status Source of classification or shelving scheme Damaged status Not for loan Collection Home library Current library Shelving location Date acquired Total Checkouts Full call number Barcode Date last seen Copy number Price effective from Koha item type
    Dewey Decimal Classification     Fiction Footprints International School Library Network Toul Kork Campus Footprints International School Library Network Toul Kork Campus A TK Campus, 4th Floor, Room B401, Fiction Bookcases (1-6) 03/17/2026   FRY 823.914 PR6056 .R88 .M34 2026-0327 03/17/2026 1 03/17/2026 Books